000 01804nam a2200397 c 4500
003 BLK
005 20250801121322.0
008 180410b bul|||||r ||||||| ||bul||
010 _aKNG00161060000
020 _a978-954-655-480-2
_bиздат.: Бард
040 _aBLK
041 _aBUL
_cBUL
072 7 _2bullib
_aН83
_xЧужда художествена литература Н
080 _aАмериканска литература (на САЩ)
_b821.111(73)
_x-312.4
_z821.111(73)-312.4
100 1 _aРолинс, Джеймс
_eпърви автор
_gЧайковски, Джим
_9116829
700 1 _aКантрел, Ребека
_eсъавт.
_976069
700 _aБожилов, Венцислав Божидаров
_cТеодосиев, Стефан, 1968- (псевдоним)
_d1968-
_9367877
139 _aРолинс, Джеймс и др.
_bР 82
245 1 0 _aНевинна кръв
_bОрденът на сангвинистите : Роман
_cДжеймс Ролинс; съавт. Ребека Кантрел; прев. Венцислав Божидаров Божилов.
257 _aUSA
260 София
_bБард
_c2014
_fХасково : Полиграфюг
300 _a528 с.
_c20 см
380 _aX
490 1 _aКралете на трилъра
490 1 _3Подсерия
_aОрденът на сангвинистите
_vКн. 2
500 _aОриг. загл. Innocent Blood / James Rollins, Rebecca Cantrell.
653 _aтрилъри
653 _aромани
659 _aН
852 _aЦб 259540
856 4 _qpdf
_u
856 4 _qpdf
_u
942 _cKNG
_n0
_063
944 _aCR
_c22.05.2014
_lЦветелина Шанова
_k30531
944 _aED
_c09.09.2015
_lф /
_kВиолета_Тройчева
999 _c154436
_d154436